LEADER 00924nam a2200205 i 4500 001 000000252085 003 CaOOAMICUS 005 20161214000000.0 008 161214s1851 it u000 u ita u 013 $a230990 040 $aSeMil$bita 100 1 $aSudre, Alfred.$0(OLS)http://semarc/name/81472 240 10$aHistoire du communisme, ou Réfutation historique des utopies socialistes.$0(OLS)http://semarc/title/341348 245 10$aStoria del comunismo, o Confutazione istorica delle utopie socialiste /$cdi Alfredo Sudre. 260 $aLivorno :$bA spese degli Editori,$c1851. 300 $a352 p. ;$c18 cm. 850 $aSeMil 852 $aSeMil$W1$xVenegono$y1$m3N I 47 FA$j202431$B202431$CSeMilBibl$Z2$F215173 $8I 996 $6245$aStoria del comunismo, o Confutazione istorica delle utopie socialiste$9(OLS)http://semarc/title/354258 996 $6260$aLivorno :$bA spese degli Editori$9(OLS)http://semarc/publisher/55485 LEADER 00915nam a2200253 i 4500 001 000000089023 003 CaOOAMICUS 005 20180830150039.0 008 180830s1968 xx u000 u und u 013 $a61264 020 $a88-7152- 040 $aSeMil$bita 100 1 $aMaurier, Henri.$0(OLS)http://semarc/name/21203 245 10$aTeologia del paganesimo. 260 $aTorino :$bGribaudi,$c1968. 300 $a336 p. 600 04$aGesù Cristo.$0(OLS)http://semarc/subject/712 650 4$aPaganesimo.$0(OLS)http://semarc/subject/2477 650 4$aPeccato.$0(OLS)http://semarc/subject/4432 850 $aSeMil 852 $aSeMil$W1$xVenegono$y1$m168 52 *$j52186$B52186$CSeMilBibl$Z2$F56623 $81 996 $6020$a88-7152-$9(OLS)http://semarc/number/68837 996 $6245$aTeologia del paganesimo$9(OLS)http://semarc/title/62575 996 $6260$aTorino :$bGribaudi$9(OLS)http://semarc/publisher/31540